000 00835nam a2200265Ia 4500
005 20250425162843.0
008 250425s9999 xx 000 0 und d
020 _a8484761509
041 _aspa
082 _a639.3
_pGUI
100 _aGuillaume, J.
245 0 _aNutrición y alimentación de peces y crustáceos
_cJ. Giullaume, S. Kaushik, P. Bergot, R. Metailler
260 _aMadrid
_bMundi-Prensa
_c2004
300 _a475 páginas
_bilustraciones
_c23.5 cm.
504 _aIncluye referencias bibliográficas y glosario
650 _aAcuicultura - alimentación de peces y crustáceos
650 _aCrustáceos - Alimentación
650 _aPeces - alimentación
700 _aBergot, P.
700 _aKaushik, S.
700 _aMétailler, R.
902 _aMonográfico
_cImpreso
942 _c01
010 _a113760
999 _c237778
_d237778